000 01560nkm a2200289za 4500
001 84428
003 OSt
005 20260416123909.0
007 kh bo
008 250407s1909 sp ||||| |||| 00| i|spa d
040 _cM-RABA
245 0 _a[El Señor atado a la columna y la contrición de San Pedro]
_h[Material gráfico]
260 _c[ca. 1909]
300 _a1 fotografía
_b: fototipia
_c; 19 x 27,5 cm
500 _aReproducción fotográfica de la obra "El Señor atado a la columna y la contrición de San Pedro", atribuido al pintor Luis de Morales "El Divino".
500 _aLa tabla original se conservó en la Iglesia madrileña de San Isidro hasta 1936, cuando el templo jesuita fue incendiado durante la guerra civil.
500 _aLa fototipia pertenece al artículo: Mélida, J. R.: “Un Morales y un Goya existentes en la Catedral de Madrid”, en B.S.E.E., T. XVII, 1909, p. 1.
500 _aFecha probable, tomada de la publicación en el BSEE.
510 _aMélida, José Ramón: “Un Morales y un Goya existentes en la Catedral de Madrid”, en B.S.E.E., T. XVII, 1909, p. 1.
600 1 7 _aMorales, Luis de
_d(1509-1586)
_91266
610 2 4 _aReal Colegiata de San Isidro y Nuestra Señora del Buen Consejo (Madrid)
_965551
651 7 _aMadrid
_2embne
_975182
655 7 _aFotografías de obras de arte
_975675
852 _jFot-545
856 _3Fot-545
_uhttps://archivoybiblioteca.realacademiabellasartessanfernando.com/cgi-bin/koha/opac-retrieve-file.pl?id=c41d3651d7c72b68c9fa55796b45a9d2
942 _2ddc
_cFOTOGRAFÍA
_n0
999 _c84428
_d84428